Central Library OPAC University of Rajshahi

Sources of business information / (Record no. 14025)

MARC details
000 -LEADER
fixed length control field 00891cam a22002771 4500
001 - CONTROL NUMBER
control field 14025
003 - CONTROL NUMBER IDENTIFIER
rucl marc code BD-RjUL
005 - DATE AND TIME OF LATEST TRANSACTION
control field 20211208235546.0
008 - FIXED-LENGTH DATA ELEMENTS--GENERAL INFORMATION
fixed length control field 140203r19501949nyu 001 0 eng
035 ## - SYSTEM CONTROL NUMBER
System control number (BD-RjUL)14077
System control number (OCoLC)1337846
040 ## - CATALOGING SOURCE
Original cataloging agency DLC
Transcribing agency PCoR
Modifying agency BD-RjUL
Language of cataloging eng
041 ## - LANGUAGE CODE
Language code of text/sound track or separate title eng
082 ## - DEWEY DECIMAL CLASSIFICATION NUMBER
Classification number 016.65
Author mark and year COS 1950
100 1# - MAIN ENTRY--PERSONAL NAME
Personal name Coman, Edwin T.
Fuller form of name (Edwin Truman),
Dates associated with a name 1903-
9 (RLIN) 43835
245 10 - TITLE STATEMENT
Title Sources of business information /
Statement of responsibility, etc. by Edwin T. Coman
260 ## - PUBLICATION, DISTRIBUTION, ETC. (IMPRINT)
Place of publication, distribution, etc. New York :
Name of publisher, distributor, etc. Prentice-Hall,
Date of publication, distribution, etc. c1949 [printing 1950].
300 ## - PHYSICAL DESCRIPTION
Pagination ix, 406 p. ;
Size 22 cm.
504 ## - BIBLIOGRAPHY, ETC. NOTE
Bibliography, etc Include index.
650 #0 - SUBJECT ADDED ENTRY--TOPICAL TERM
Topical term or geographic name as entry element Business
General subdivision Reference books
-- Bibliography.
9 (RLIN) 43836
Topical term or geographic name as entry element Economics
General subdivision Reference books
-- Bibliography.
9 (RLIN) 43837
Topical term or geographic name as entry element Industrial management
General subdivision Bibliography.
9 (RLIN) 43838
Topical term or geographic name as entry element Economics
General subdivision Bibliography.
9 (RLIN) 168502
942 ## - ADDED ENTRY ELEMENTS (KOHA)
Source of classification or shelving scheme Dewey Decimal Classification
Koha item type Reference
Holdings
Lost status Source of classification or shelving scheme Damaged status Not for loan Collection code Permanent Location Current Location Shelving location Date acquired Source of acquisition Total Checkouts Full call number Date last seen Copy number Koha item type
  Dewey Decimal Classification   Not For Loan Reference Central Library, University of Rajshahi Central Library, University of Rajshahi   06/01/1969 U.S.A.   R 016.65 COS 1950 03/02/2014 C-1 Reference